Abnormal psychology / (Record no. 11339)

MARC details
000 -LEADER
fixed length control field 00575cam a22001932 4500
001 - CONTROL NUMBER
control field 0000020283
005 - DATE AND TIME OF LATEST TRANSACTION
control field 20151217154439.0
008 - FIXED-LENGTH DATA ELEMENTS--GENERAL INFORMATION
fixed length control field 110908s xx 000 0 eng d
020 ## - INTERNATIONAL STANDARD BOOK NUMBER
International Standard Book Number 0072562463 :
040 ## - CATALOGING SOURCE
Original cataloging agency KABU
Transcribing agency KABU
100 1# - MAIN ENTRY--PERSONAL NAME
Personal name Nolen-Hoeksema, Suasn.
-- 0000180415
245 10 - TITLE STATEMENT
Title Abnormal psychology /
Statement of responsibility, etc. Susan Nolen-Hoeksema.
260 ## - PUBLICATION, DISTRIBUTION, ETC. (IMPRINT)
Place of publication, distribution, etc. Boston :
Name of publisher, distributor, etc. McGraw-Hill,
Date of publication, distribution, etc. 2004.
300 ## - PHYSICAL DESCRIPTION
Extent xxv, 700 p. +
Accompanying material 1 CD-ROM.
650 #0 - SUBJECT ADDED ENTRY--TOPICAL TERM
Topical term or geographic name as entry element Psychology, Pathological.
-- 0000155908
852 1# - LOCATION
-- p3500
908 ## - PUT COMMAND PARAMETER (RLIN)
Put command parameter 110908
950 ## - LOCAL HOLDINGS (RLIN)
-- 1
Holdings
Withdrawn status Lost status Source of classification or shelving scheme Not for loan Home library Current library Date acquired Total Checkouts Full call number Barcode Date last seen Date last checked out Price effective from Koha item type
    Library of Congress Classification   Kabarak, Main Campus Kabarak, Main Campus 17/12/2015 5 RC454 N65 2004 c. 1 21667 02/08/2024 21/06/2021 17/12/2015 General Collection
Designed with assistance from East African Informatics Ltd